书目信息 |
| 题名: |
建筑概论
|
|
| 作者: | 姜丽荣 , 吕树俭 , 崔艳秋 编著 | |
| 分册: | ||
| 出版信息: | 北京 中国建筑工业出版社 2016.05 |
|
| 页数: | 203页 | |
| 开本: | 26cm | |
| 丛书名: | ||
| 单 册: | ||
| 中图分类: | TU | |
| 科图分类: | ||
| 主题词: | 建筑学--jian zhu xue--高等学校--教材 | |
| 电子资源: | ||
| ISBN: | 978-7-112-19502-2 | |
| 000 | 01027nam0 2200289 450 | |
| 001 | 1014794 | |
| 005 | 20250906151337.81 | |
| 010 | @a978-7-112-19502-2@dCNY40.00 | |
| 098 | @a1014794 | |
| 100 | @a20171025d2016 em y0chiy50 ea | |
| 101 | 0 | @achi |
| 102 | @aCN@b110000 | |
| 105 | @aak a 000yy | |
| 200 | 1 | @a建筑概论@Ajian zhu gai lun@f崔艳秋, 姜丽荣, 吕树俭等编著 |
| 205 | @a3版 | |
| 210 | @a北京@c中国建筑工业出版社@d2016.05 | |
| 215 | @a203页@c图@d26cm | |
| 320 | @a有书目 (第202-203页) | |
| 330 | @a本书内容共分八章: 房屋建筑识图 ; 民用建筑设计 ; 民用建筑构造 ; 工业建筑设计 ; 单层厂房构造 ; 高层建筑简介 ; 工业化建筑简介 ; 节能建筑。书后还编有附录部分: 附录一位某集体宿舍楼施工图 ; 附录二节能建筑工程实例。 | |
| 333 | @a高等学校规划教材 | |
| 606 | 0 | @a建筑学@Ajian zhu xue@x高等学校@j教材 |
| 690 | @aTU@v5 | |
| 701 | 0 | @a姜丽荣@Ajiang li rong@4编著 |
| 701 | 0 | @a吕树俭@Alu^ shu jian@4编著 |
| 701 | 0 | @a崔艳秋@Acui yan qiu@4编著 |
| 801 | 0 | @aCN@b河南城建学院图书馆@c20171025 |
| 905 | @dTU@eC979=3@f2 | |
| 建筑概论/崔艳秋, 姜丽荣, 吕树俭等编著.-3版.-北京:中国建筑工业出版社,2016.05 |
| 203页:图;26cm |
| 使用对象:高等学校规划教材 |
| ISBN 978-7-112-19502-2:CNY40.00 |
| 本书内容共分八章: 房屋建筑识图 ; 民用建筑设计 ; 民用建筑构造 ; 工业建筑设计 ; 单层厂房构造 ; 高层建筑简介 ; 工业化建筑简介 ; 节能建筑。书后还编有附录部分: 附录一位某集体宿舍楼施工图 ; 附录二节能建筑工程实例。 |
| ● |
| 相关链接 |
|
|
|
正题名:建筑概论
索取号:TU/C979=3
 
预约/预借
| 序号 | 登录号 | 条形码 | 馆藏地/架位号 | 状态 | 备注 |
| 1 | 1244333 | 212443337 | 自科二线404/101建筑库 1排1列5层/ [索取号:TU/C979=3] | 在馆 | |
| 2 | 1341881 | 213418817 | 自科二线404/404自科库 3排1列2层/ [索取号:TU/C979=3] | 在馆 | |
| 3 | 1341882 | 213418826 | 自科二线404/404自科库 3排1列2层/ [索取号:TU/C979=3] | 在馆 | |
| 4 | 1502010 | 215020108 | 自科二线404/404自科库 3排1列5层/ [索取号:TU/C979=3] | 在馆 | |
| 5 | 1506942 | 215069422 | 自科二线404/101建筑库 1排1列5层/ [索取号:TU/C979=3] | 在馆 | |
| 6 | 1555198 | 215551980 | 建筑库101/101建筑库 1排1列4层/ [索取号:TU/C979=3] | 在馆 | |
| 7 | 1555199 | 215551999 | 建筑库101/101建筑库 1排1列4层/ [索取号:TU/C979=3] | 在馆 | |
| 8 | 725359 | 207253595 | 自科二线404/404自科库 3排1列5层/ [索取号:TU/C979=3] | 在馆 |